Statistics for State Capitals Containing the Letter S

Click here to take the quiz!

General Stats

  • This quiz has been taken 154 times
  • The average score is 22 of 24

Answer Stats

Answer% Correct
Sacramento
97%
Salem
97%
Austin
96%
Boise
96%
Indianapolis
96%
Jackson
94%
Nashville
94%
Carson City
93%
Salt Lake City
93%
Tallahassee
93%
Columbus
92%
Saint Paul
92%
Santa Fe
92%
Springfield
92%
Boston
90%
Annapolis
89%
Augusta
89%
Des Moines
89%
Jefferson City
89%
Harrisburg
87%
Lansing
87%
Madison
86%
Bismarck
85%
Charleston
85%

Score Distribution

Percentile by Number Answered

Percent of People with Each Score

Your Score History

You have not taken this quiz